Skip to content
Your Account
Log Out
Login
Language
English
Deutsch
Español
Français
Italiano
日本語
Nederlands
Português
Português (Brasil)
中文(简体)
中文(繁體)
Türkçe
עברית
Gaeilge
Cymraeg
Ελληνικά
Català
Euskara
Русский
Čeština
Suomi
Svenska
polski
Dansk
slovenščina
اللغة العربية
বাংলা
Galego
Tiếng Việt
Hrvatski
हिंदी
All Fields
Title
Author
Subject
Call Number
ISBN/ISSN
Tag
Find
Advanced
Physiology of mollusca; T1
Staff View
Cite this
Email this
Print
Export Record
Export to RefWorks
Export to EndNoteWeb
Export to EndNote
Export to MARC
Export to MARCXML
Export to RDF
Export to BibTeX
Export to RIS
Save to List
Physiology of mollusca; T1
Saved in:
Bibliographic Details
Format:
Book
Language:
Undetermined
Published:
New York
Academic
1964
Subjects:
mollusks
Tags:
Add Tag
No Tags, Be the first to tag this record!
Institutions:
Trung tâm Học liệu Trường Đại học Cần Thơ
Holdings
Description
Comments
Similar Items
Staff View
LEADER
00398nam a2200157Ia 4500
001
CTU_9160
008
210402s9999 xx 000 0 und d
082
|a
594.01
082
|b
P578/T1
245
0
|a
Physiology of mollusca; T1
260
|a
New York
260
|b
Academic
260
|c
1964
650
|a
mollusks
904
|i
Minh, 960924
980
|a
Trung tâm Học liệu Trường Đại học Cần Thơ
Similar Items
Hình thái và giải phẩu động vật thân mềm (Mollusca)
by: Trương, Quốc Phú
Published: (2006)
Một số loài động vật nhuyễn thể (Mollusca) có giá trị kinh tế ở biển Việt Nam
by: Nguyễn, Chính
Published: (1996)
Kỹ thuật nuôi ngao nghêu sò huyết trai ngọc
by: Ngô Trọng Lư
Published: (1996)
Kỹ thuật nuôi ngao, nghêu, sò huyết, trai ngọc
by: Ngô, Trọng Lư
Published: (2004)
The biology of terrestrial molluscs
Published: (2001)
Loading...